|
|
|
|
| LEADER |
02550nam a22003973i 4500 |
| 001 |
EBC6878119 |
| 003 |
MiAaPQ |
| 005 |
20231204023220.0 |
| 006 |
m o d | |
| 007 |
cr cnu|||||||| |
| 008 |
231204s2022 xx o ||||0 eng d |
| 020 |
|
|
|a 9781478091684
|q (electronic bk.)
|
| 020 |
|
|
|z 9781478013860
|
| 035 |
|
|
|a (MiAaPQ)EBC6878119
|
| 035 |
|
|
|a (Au-PeEL)EBL6878119
|
| 035 |
|
|
|a (OCoLC)1295275035
|
| 040 |
|
|
|a MiAaPQ
|b eng
|e rda
|e pn
|c MiAaPQ
|d MiAaPQ
|
| 050 |
|
4 |
|a LC5148
|
| 082 |
0 |
|
|a 370.91734
|
| 100 |
1 |
|
|a Padilla, Tanalís.
|
| 245 |
1 |
0 |
|a Unintended Lessons of Revolution :
|b Student Teachers and Political Radicalism in Twentieth-Century Mexico.
|
| 250 |
|
|
|a 1st ed.
|
| 264 |
|
1 |
|a Durham :
|b Duke University Press,
|c 2022.
|
| 264 |
|
4 |
|c {copy}2021.
|
| 300 |
|
|
|a 1 online resource (377 pages)
|
| 336 |
|
|
|a text
|b txt
|2 rdacontent
|
| 337 |
|
|
|a computer
|b c
|2 rdamedia
|
| 338 |
|
|
|a online resource
|b cr
|2 rdacarrier
|
| 505 |
0 |
|
|a Cover -- Contents -- Acknowledgments -- List of abbreviations -- Introduction: Ayotzinapa and the Legacy of Revolution -- 1. Normales, Education, and National Projects -- 2. A New Kind of School, a New Kind of Teacher -- 3. "And That's When the Main Blow Came" -- 4. Education at a Crossroads -- 5. "The Infinite Injustice Committed against Our Class Brothers" -- 6. Learning in the Barricades -- 7. "A Crisis of Authority," -- 8. "That's How We'd Meet . . . Clandestinely with the Lights Off" -- Epilogue: Education, Neoliberalism, and Violence -- Appendix: Sample Rural Normal Class Schedules -- Notes -- Bibliography -- Index -- A -- B -- C -- D -- E -- F -- G -- H -- I -- J -- K -- L -- M -- N -- O -- P -- Q -- R -- S -- T -- U -- V -- W -- X -- Y -- Z.
|
| 520 |
|
|
|a Tanalís Padilla traces the history of the normales rurales--rural schools in Mexico that trained campesino teachers--and outlines how despite being intended to foster a modern, patriotic citizenry, they became sites of radical politics.
|
| 588 |
|
|
|a Description based on publisher supplied metadata and other sources.
|
| 590 |
|
|
|a Electronic reproduction. Ann Arbor, Michigan : ProQuest Ebook Central, 2023. Available via World Wide Web. Access may be limited to ProQuest Ebook Central affiliated libraries.
|
| 655 |
|
4 |
|a Electronic books.
|
| 776 |
0 |
8 |
|i Print version:
|a Padilla, Tanalís
|t Unintended Lessons of Revolution
|d Durham : Duke University Press,c2022
|z 9781478013860
|
| 797 |
2 |
|
|a ProQuest (Firm)
|
| 856 |
4 |
0 |
|u https://ebookcentral.proquest.com/lib/matrademy/detail.action?docID=6878119
|z Click to View
|